| 000 | 00717cam a2200217 4500 | ||
|---|---|---|---|
| 001 | sa 68001553 | ||
| 003 | DLC | ||
| 005 | 20260227112434.0 | ||
| 008 | 840627m19629999xx 00010 engr | ||
| 010 | _asa 68001553 | ||
| 040 |
_aDLC _cDLC _dDLC |
||
| 041 | 0 | _aengdolhin | |
| 050 | 0 | 0 |
_aPN6519.D6 _bT3 |
| 100 | 0 | 0 | _aTārā Smailapurī. |
| 245 | 1 | 0 |
_aḌogarī kahāvata kosha. _psaṅkalanakarttā Tārā Smailapuri. |
| 250 | _a[1. saṃskaraṇa] | ||
| 260 | 0 |
_aŚrīnagara, _bJammū ēṇḍa Kaśmīra Akādamī Ôfa Artasa, _bKalcara eṇḍa Laingvejeza, _c[1962]-<1978 > |
|
| 300 |
_a<1-2 > ; _c23 cm. |
||
| 500 | _aIn Dogri; introductory matter and explanations in Hindi. | ||
| 650 | 0 | _aProverbs, Dogri. | |
| 999 |
_c78036 _d78036 |
||